Lịch sử nâng cao 11 Sách giáo viên
Gardado en:
| Autor Principal: | |
|---|---|
| Outros autores: | |
| Formato: | Libro |
| Idioma: | Undetermined |
| Publicado: |
H.
Giáo dục
2007
|
| Những chủ đề: | |
| Acceso en liña: | http://lrc.tdmu.edu.vn/opac/search/detail.asp?aID=2&ID=5342 |
| Các nhãn: |
Engadir etiqueta
Sen Etiquetas, Sexa o primeiro en etiquetar este rexistro!
|
| Thư viện lưu trữ: | Trung tâm Học liệu Trường Đại học Thủ Dầu Một |
|---|
| LEADER | 00678nam a2200217Ia 4500 | ||
|---|---|---|---|
| 001 | TDMU_5342 | ||
| 008 | 210410s9999 xx 000 0 und d | ||
| 082 | |a 900.72 | ||
| 090 | |b PH105 | ||
| 100 | |a Phan, Ngọc liên | ||
| 245 | 0 | |a Lịch sử nâng cao 11 | |
| 245 | 0 | |b Sách giáo viên | |
| 245 | 0 | |c Phan Ngọc Liên | |
| 260 | |a H. | ||
| 260 | |b Giáo dục | ||
| 260 | |c 2007 | ||
| 300 | |a 288tr | ||
| 650 | |a Sách lớp 11 |v Giáo viên; Lịch sử |x Dạy và học | ||
| 700 | |a Nguyễn, Ngọc Cơ | ||
| 856 | |u http://lrc.tdmu.edu.vn/opac/search/detail.asp?aID=2&ID=5342 | ||
| 980 | |a Trung tâm Học liệu Trường Đại học Thủ Dầu Một | ||